Top 45 European Football Clubs According to UEFA. - Statistics

General Stats
  • This quiz has been taken 2,363 times
  • The average score is 26 of 45
Answer Stats
Hint Answer From % Correct
1 Real Madrid Spain
99%
3 Barcelona Spain
98%
2 Bayern Munich Germany
91%
4 Chelsea England
91%
8 Juventus Italy
91%
20 Manchester United England
91%
10 Borussia Dortmund Germany
90%
16 Manchester City England
89%
9 Paris Saint-Germain France
89%
7 Arsenal England
88%
11 Porto Portugal
88%
6 Benfica Portugal
87%
5 Atletico Madrid Spain
86%
26 Internazionale Italy
85%
29 Ajax Netherlands
73%
13 Valencia Spain
73%
18 Sevilla Spain
71%
21 Milan Italy
70%
24 Tottenham Hotspur England
68%
15 Napoli Italy
67%
14 Zenit Russia
63%
25 Olympique Lyonnais France
61%
36 PSV Eindhoven Netherlands
57%
33 Lazio Italy
56%
12 Schalke Germany
56%
22 Olympiacos Greece
55%
28 Galatasaray Turkey
54%
41 CSKA Moscow Russia
52%
17 Basel Switzerland
51%
19 Bayer Leverkusen Germany
48%
30 Dynamo Kyiv Ukraine
45%
37 Anderlecht Belgium
41%
35 Sporting Lisbon Portugal
41%
23 Shakhtar Donetsk Ukraine
40%
27 Athletic Club Spain
36%
32 Fiorentina Italy
31%
38 Red Bull Salzburg Austria
28%
44 Club Brugge Belgium
26%
40 AZ Alkmaar Netherlands
17%
31 Dnipro Ukraine
16%
43 Malaga Spain
13%
39 Viktoria Plzen Czech Republic
11%
34 Rubin Kazan Russia
8%
45 Metalist Kharkiv Ukraine
5%
42 Hannover 96 Germany
3%
No matching quizzes found
Score Distribution
Percent of People with Each Score
Percentile by Number Answered
Your Score History
You have not taken this quiz